Progresívne hrubovacie stratégie v CAM systémoch
Guardado en:
| Autor principal: | |
|---|---|
| Otros Autores: | |
| Formato: | Manuscrito Libro |
| Lenguaje: | eslovaco |
| Publicado: |
2015
|
| Materias: | |
| Acceso en línea: | http://is.stuba.sk/zp/portal_zp.pl?podrobnosti=121192 |
| Etiquetas: |
Sin Etiquetas, Sea el primero en etiquetar este registro!
|
MARC
| LEADER | 00000ntm a22000003a 4500 | ||
|---|---|---|---|
| 001 | stuzp51078 | ||
| 003 | SK-STU | ||
| 005 | 20160719153739.9 | ||
| 007 | ta | ||
| 008 | 150427s2015----xo-----f-mn---000-0-slo-d | ||
| 040 | |a STU |b slo | ||
| 041 | 0 | |a slo | |
| 100 | 1 | |a Bielko, Tomáš |u 063000 |4 aut |U MTF Materiálovotechnologická fakulta |T MTF Ústav výrobných technológií |X 9376 |U M3000 |Y 83 |7 9376 | |
| 242 | 0 | 1 | |a Progressive roughing strategyies in CAM systems |y eng |
| 245 | 1 | 0 | |a Progresívne hrubovacie stratégie v CAM systémoch |
| 260 | |c 2015 | ||
| 650 | 4 | |a stratégia obrábania |2 slo | |
| 650 | 4 | |a stratégia hrubovania |2 slo | |
| 650 | 4 | |a hrubovanie |2 slo | |
| 650 | 4 | |a Vortex |2 slo | |
| 650 | 4 | |a CAM |2 slo | |
| 650 | 4 | |a frézovanie |2 slo | |
| 650 | 4 | |a strategy roughing |2 eng | |
| 650 | 4 | |a machining strategy |2 eng | |
| 650 | 4 | |a roughing |2 eng | |
| 650 | 4 | |a milling |2 eng | |
| 650 | 4 | |a Vortex |2 eng | |
| 650 | 4 | |a CAM |2 eng | |
| 700 | 1 | |a Šimna, Vladimír |4 ths |X 30333 |7 A000030333 | |
| 856 | 4 | |u http://is.stuba.sk/zp/portal_zp.pl?podrobnosti=121192 | |
| 996 | |c M* BP-7397 |l MMSKP |s P |a 0 |w stuzp51078_0001 | ||
| SQL | |a stuzp51078 |b DBP |c SLO |d Progresívne hrubovacie stratégie v CAM systémoch |e 9376 |f Bielko, Tomáš |g 063000 |h 30333 |i Šimna, Vladimír |j 20150623 |k 174 |l 06 |m http://is.stuba.sk/zp/portal_zp.pl?podrobnosti=121192 |n B-PPT |o 5.2.51. výrobné technológie | ||